| 000 | 01031nam a2200409 a 4500 | ||
|---|---|---|---|
| 003 | PILC | ||
| 005 | 20150507080821.0 | ||
| 008 | 040611s19uu xx 00 eng d | ||
| 020 | _a9812471294 | ||
| 050 |
_aQP 34.5 _b.M264 2004 |
||
| 100 | _aMarieb, Elaine N. | ||
| 245 |
_aEssentials of human anatomy & physiology : _blaboratory manual / _cElaine N. Marieb. |
||
| 250 | _a2nd ed. | ||
| 260 |
_aSingapore : _bBenjamin Cummings, _c2004. |
||
| 300 |
_avi, 390 pages : _billustrations ; _c23 cm. |
||
| 500 | _aIncludes appendix and index. | ||
| 650 |
_aHuman anatomy _xLaboratory manuals. |
||
| 650 |
_aPhysiology _xLaboratory manuals. |
||
| 942 |
_cBK _2lcc |
||
| 999 |
_c283872 _d283872 |
||